000 00646nam a2200157 a 4500
008 131016s2003 ||||||||||||||||| || u
020 _a0748362630
050 _aHF 5681 .T3 Ass
110 _aAssociation of Chartered Certified Accountants (ACCA)
245 1 0 _aACCA paper 2.3: business taxation (Finance Act 2003): revision 2004
_cby Association of Chartered Certified Accounts
260 _aMiddlesex
_bFoulks Lynch Ltd
_c2003
300 _axviii, 216p.: ill.
650 0 _aBUSINESS
650 _aTAXATION
995 _FCBU-MAIN LIBRARY (Kitwe)
_M1
_UAVAILABLE
_WOct 16, 2013
_ZShort Loan Collection
999 _c33227
_d33227